000 00386nam a22000977a 4500
008 170116b xxu||||| |||| 00| 0 eng d
100 _aCampbell, John
245 _aCzeslaw Slania, master engraver, 1921-2005
260 _aHaumoana, Hawkes Bay, N.Z.
_bRadway Press
_c2008
650 _aSlania, Czeslaw, 1921-2005 | Poland -- Engravers | Poland -- Artists and Designers | Engraving | Designs | MLC
999 _c2197
_d2197